[Event "Hajduszoboszlo op 2nd"]
[Site "Hajduszoboszlo"]
[Date "2024.02.08"]
[Round "1"]
[White "Rzepka, Marcin"]
[Black "Meszaros, Andras"]
[Result "0-1"]
[WhiteElo "1586"]
[BlackElo "2118"]
[PlyCount "52"]
[EventDate "2024.02.08"]
[EventType "swiss"]
[EventRounds "7"]
[EventCountry "HUN"]
[SourceTitle "CB08_2024"]
[SourceDate "2024.02.21"]
[SourceVersion "1"]
[SourceVersionDate "2024.02.21"]
[SourceQuality "1"]

1. Nf3 d6 2. g3 e5 3. d3 f5 4. Bg2 Nf6 5. 0-0 Be7 6. c4 0-0 7. Nc3 c6 8. Qc2 Qe8 9. a3 Nbd7 10. b3 Qh5 11. e4 Nc5 12. b4 fxe4 13. dxe4 Ne6 14. Qd3 Bd7 15. Bb2 Rf7 16. Nd1 Raf8 17. c5 Ng4 18. h3 Rxf3 19. Bxf3 Qxh3 20. Bxg4 Qxg4 21. Ne3 Qf3 22. Qd1 Qxe4 23. cxd6 Bg5 24. Qc2 Qf3 25. Qd1 Bxe3 26. Qxf3 Rxf3 0-1

[Event "POL-ch U15 Qual"]
[Site "Jastrzebia Gora"]
[Date "2021.11.21"]
[Round "9"]
[White "Rzepka, Marcin"]
[Black "Borowik, Karol"]
[Result "1/2-1/2"]
[WhiteElo "1336"]
[BlackElo "1455"]
[PlyCount "61"]
[EventDate "2021.11.15"]
[EventType "swiss"]
[EventRounds "9"]
[EventCountry "POL"]
[SourceTitle "EXT 2023"]
[Source "ChessBase"]
[SourceDate "2022.10.05"]
[SourceVersion "1"]
[SourceVersionDate "2022.10.05"]
[SourceQuality "1"]

1. Nf3 Nf6 2. g3 d5 3. Bg2 Bf5 4. 0-0 h6 5. d3 c6 6. Nbd2 e6 7. c4 a5 8. a3 Na6 9. b3 Bc5 10. Bb2 0-0 11. Rc1 Qe7 12. Ra1 Rfc8 13. h3 b5 14. d4 Bd6 15. c5 Bc7 16. Nh4 Bh7 17. Rc1 Ne4 18. Nhf3 Nb8 19. Nxe4 Bxe4 20. Nd2 Bxg2 21. Kxg2 f5 22. e3 Nd7 23. f4 Kh7 24. h4 g6 25. Rh1 Rg8 26. Nf3 h5 27. Ng5+ Kg7 28. Qe2 Nf6 29. Rhd1 Rge8 30. Ra1 Rg8 31. Rac1 1/2-1/2

[Event "Raciborz op 20th"]
[Site "Raciborz"]
[Date "2020.01.11"]
[Round "1"]
[White "Rzepka, Marcin"]
[Black "Galuszka, Tomasz"]
[Result "0-1"]
[WhiteElo "1367"]
[BlackElo "2217"]
[PlyCount "46"]
[EventDate "2020.01.11"]
[EventType "swiss"]
[EventRounds "9"]
[EventCountry "POL"]
[SourceTitle "CBM 194 Extra"]
[Source "ChessBase"]
[SourceDate "2020.03.31"]
[SourceVersion "1"]
[SourceVersionDate "2020.03.31"]
[SourceQuality "1"]

1. f4 d5 2. Nf3 Nf6 3. g3 g6 4. Bg2 Bg7 5. 0-0 0-0 6. d3 c5 7. Nc3 Nc6 8. e4 d4 9. Ne2 e5 10. Bd2 a6 11. a4 Rb8 12. Nh4 b5 13. f5 c4 14. Qe1 Ng4 15. Nc1 Qb6 16. Rf3 c3 17. bxc3 dxc3+ 18. Be3 Nxe3 19. Rxe3 Bh6 20. Kf2 Nb4 21. a5 Qxe3+ 22. Qxe3 Bxe3+ 23. Kxe3 Nxc2+ 0-1

[Event "POL-chT U20 2nd League"]
[Site "Sypniewo"]
[Date "2020.??.??"]
[Round "6.4"]
[White "Leszczewicz, Karol"]
[Black "Rzepka, Marcin"]
[Result "1-0"]
[WhiteElo "1267"]
[BlackElo "1294"]
[PlyCount "135"]
[EventDate "2020.10.23"]
[EventType "team-swiss"]
[EventRounds "9"]
[EventCountry "POL"]
[SourceTitle "CBM 199 Extra"]
[Source "ChessBase"]
[SourceDate "2021.01.31"]
[SourceVersion "1"]
[SourceVersionDate "2021.01.31"]
[SourceQuality "1"]

1. d4 d6 2. Nf3 f5 3. c4 Nf6 4. Nc3 g6 5. Bg5 Bg7 6. Bxf6 Bxf6 7. e4 0-0 8. Be2 Nc6 9. 0-0 e6 10. Re1 a6 11. Bf1 Bg7 12. exf5 Rxf5 13. Qd2 Qf8 14. d5 Ne5 15. Nxe5 Bxe5 16. dxe6 Bxe6 17. Ne4 Bf4 18. Qc3 Bd7 19. h3 Be5 20. Qd2 Bc6 21. Ng3 Rf7 22. c5 Qg7 23. Bc4 d5 24. Bxd5 Bxd5 25. Qxd5 Bxb2 26. Rab1 c6 27. Qb3 Bd4 28. Re2 Bxc5 29. Rbe1 Raf8 30. Ne4 Be7 31. Qxb7 a5 32. Qxc6 Bb4 33. Rd1 Kh8 34. Rf1 Kg8 35. Ng5 Qf6 36. Qd5 Qf5 37. Re5 Qd7 38. Qb3 Qb7 39. Nxf7 Qxf7 40. Qxf7+ Rxf7 41. a3 Bxa3 42. Rxa5 Bf8 43. Rfa1 Bb4 44. Ra8+ Bf8 45. R1a7 Rf5 46. Rd7 Rb5 47. Rc8 Rb1+ 48. Kh2 Rb2 49. f3 Rb6 50. f4 Rf6 51. Kg3 Ra6 52. Rdd8 Rf6 53. Rd7 Ra6 54. Rcc7 h6 55. Rc8 Rb6 56. Rdd8 Rf6 57. Kg4 Kg7 58. Rxf8 Rxf8 59. Rxf8 Kxf8 60. f5 Kf7 61. fxg6+ Kxg6 62. h4 h5+ 63. Kf4 Kf6 64. g3 Kg6 65. Ke5 Kg7 66. Kf5 Kh6 67. Kf6 Kh7 68. Kg5 1-0

[Event "POL-chT U20 2nd League"]
[Site "Sypniewo"]
[Date "2020.??.??"]
[Round "9.16"]
[White "Pycinski, Wladyslaw"]
[Black "Rzepka, Marcin"]
[Result "1-0"]
[WhiteElo "1149"]
[BlackElo "1294"]
[PlyCount "75"]
[EventDate "2020.10.23"]
[EventType "team-swiss"]
[EventRounds "9"]
[EventCountry "POL"]
[SourceTitle "CBM 199 Extra"]
[Source "ChessBase"]
[SourceDate "2021.01.31"]
[SourceVersion "1"]
[SourceVersionDate "2021.01.31"]
[SourceQuality "1"]

1. d4 f5 2. Nf3 d6 3. g3 Nf6 4. Bg2 g6 5. b3 Bg7 6. Bb2 0-0 7. 0-0 e6 8. c4 h6 9. Qc2 Re8 10. Nbd2 Nbd7 11. e4 Nf8 12. e5 N6d7 13. Rad1 g5 14. exd6 cxd6 15. d5 Bxb2 16. dxe6 Nxe6 17. Qxb2 Qf6 18. Qxf6 Nxf6 19. Nb1 Rd8 20. Nc3 Nc7 21. Nd4 a6 22. Nc2 Rb8 23. Nb4 Be6 24. Rd2 a5 25. Nbd5 Ncxd5 26. Nxd5 Nxd5 27. Bxd5 Kf7 28. Rfd1 b6 29. Bc6 Ke7 30. Re2 Kf6 31. a3 Rbc8 32. Bb5 Rc5 33. f4 Rg8 34. Rxd6 Kf7 35. Rexe6 gxf4 36. Rxh6 Ke7 37. Rd7+ Kf8 38. Rf6+ 1-0

[Event "POL-chT U20 2nd League"]
[Site "Sypniewo"]
[Date "2020.??.??"]
[Round "3.16"]
[White "Rzepka, Marcin"]
[Black "Kaczmarek, Jan"]
[Result "1-0"]
[WhiteElo "1294"]
[BlackElo "1229"]
[PlyCount "59"]
[EventDate "2020.10.23"]
[EventType "team-swiss"]
[EventRounds "9"]
[EventCountry "POL"]
[SourceTitle "CBM 199 Extra"]
[Source "ChessBase"]
[SourceDate "2021.01.31"]
[SourceVersion "1"]
[SourceVersionDate "2021.01.31"]
[SourceQuality "1"]

1. Nf3 c5 2. g3 Nc6 3. Bg2 g6 4. 0-0 d5 5. d3 Bg7 6. Nbd2 Nf6 7. e4 dxe4 8. dxe4 0-0 9. a3 Nd7 10. Qe2 Nd4 11. Nxd4 cxd4 12. Nb3 Qb6 13. Rd1 e5 14. Kh1 Nc5 15. Nxc5 Qxc5 16. Rb1 Be6 17. b4 Bc4 18. Qd2 Qb5 19. c3 Rfd8 20. cxd4 Rxd4 21. Qe1 Rad8 22. Be3 Rxd1 23. Rxd1 Re8 24. Bh3 Be6 25. Bxe6 Rxe6 26. Rd8+ Re8 27. Qd1 Rxd8 28. Qxd8+ Bf8 29. Kg1 Qc6 30. Bc5 1-0

[Event "POL-chT U20 2nd League"]
[Site "Sypniewo"]
[Date "2020.??.??"]
[Round "7.9"]
[White "Rzepka, Marcin"]
[Black "Rozek, Michal"]
[Result "0-1"]
[WhiteElo "1294"]
[BlackElo "1442"]
[PlyCount "80"]
[EventDate "2020.10.23"]
[EventType "team-swiss"]
[EventRounds "9"]
[EventCountry "POL"]
[SourceTitle "CBM 199 Extra"]
[Source "ChessBase"]
[SourceDate "2021.01.31"]
[SourceVersion "1"]
[SourceVersionDate "2021.01.31"]
[SourceQuality "1"]

1. d3 d5 2. f4 Nf6 3. Nf3 g6 4. g3 Bg7 5. Bg2 c5 6. 0-0 0-0 7. Nc3 Nc6 8. e4 d4 9. Ne2 b6 10. h3 e6 11. g4 Qc7 12. Ng3 Bb7 13. g5 Nd7 14. h4 h5 15. e5 Ne7 16. Ne4 Nf5 17. Nf6+ Kh8 18. Bd2 Rfd8 19. Qe1 Rac8 20. b3 Bf8 21. Bh3 Nxf6 22. gxf6 Bh6 23. Ng5 Bxg5 24. hxg5 Qc6 25. Kh2 b5 26. Rg1 c4 27. Bg2 Qd7 28. Be4 cxd3 29. Bxd3 Qd5 30. Rc1 a6 31. Ba5 Rd7 32. Bd2 Qf3 33. Be2 Qd5 34. Bd3 Kh7 35. Bb4 Ne3 36. Be2 Rdc7 37. Qh4 Rxc2 38. Rce1 Ng2 39. Qg3 Nxe1 40. Rxe1 Rxe2+ 0-1